<?xml version="1.0" encoding="UTF-8"?>
<marc:record xmlns:marc="http://www.loc.gov/MARC21/slim">
   <marc:leader>00000nam a2200000 a 4500</marc:leader>
   <marc:datafield ind1="1" ind2=" " tag="100">
      <marc:subfield code="a">Bandixen, Ocke</marc:subfield>
      <marc:subfield code="4">aut</marc:subfield>
      <marc:subfield code="e">Verfasser/-in</marc:subfield>
   </marc:datafield>
   <marc:datafield ind1="1" ind2=" " tag="100">
      <marc:subfield code="a">Nöldner, Pascal</marc:subfield>
   </marc:datafield>
   <marc:datafield ind1=" " ind2=" " tag="653">
      <marc:subfield code="a">Fußball</marc:subfield>
   </marc:datafield>
   <marc:datafield ind1="0" ind2="0" tag="245">
      <marc:subfield code="a">Falsches Spiel beim großen Turnier</marc:subfield>
   </marc:datafield>
   <marc:datafield ind1="0" ind2="0" tag="245">
      <marc:subfield code="c">Ocke Bandixen</marc:subfield>
   </marc:datafield>
   <marc:datafield ind1=" " ind2="1" tag="264">
      <marc:subfield code="a">Bindlach</marc:subfield>
      <marc:subfield code="b">Loewe</marc:subfield>
      <marc:subfield code="c">2022</marc:subfield>
   </marc:datafield>
   <marc:datafield ind1="1" ind2=" " tag="490">
      <marc:subfield code="a">Der Wunderstürmer</marc:subfield>
      <marc:subfield code="v">Band 7</marc:subfield>
   </marc:datafield>
   <marc:datafield ind1=" " ind2=" " tag="250">
      <marc:subfield code="a">1. Auflage</marc:subfield>
   </marc:datafield>
   <marc:datafield ind1="1" ind2=" " tag="520">
      <marc:subfield code="a">Angaben aus der Verlagsmeldung ## ##  Der Wunderstürmer (Band 7) - Falsches Spiel beim großen Turnier : Lustiges Fußballbuch für Kinder ab 9 Jahren / von Ocke Bandixen ## ## ####Mein Freund, der Fußballstar# ####Tim liebt Fußball über alles! Eines Tages steht ein echter Fußballstar vor seiner Haustür. Aber den hat er doch bloß bei einem Handyspiel gekauft  oder?! ####Ein Traum wird wahr: Tim fährt zur Europameisterschaft! Auch Wunderstürmer Sergio Mavalli ist mit von der Partie, im Gepäck hat er seinen Glücksbringer Toto. Ohne diesen schießt er beim Turnier keine Tore. Als Toto und die Maskottchen der anderen Kicker plötzlich verschwinden, steht das gesamte Turnier auf dem Spiel! Tim jagt den Dieben hinterher und muss die verzweifelten Fußballprofis motivieren. Jetzt ist geballtes Trainerwissen gefragt! ####Im siebten Band der lustigen Kinderbuch-Reihe für Fußballfans ab 9 Jahren begeben sich Tim und seine Freunde auf eine spannende Verfolgungsjagd bei der Fußball-EM. Witzige Szenen und coole Schwarz-Weiß-Illustrationen sorgen für Spaß beim Lesen. ####Der Titel ist bei Antolin gelistet.</marc:subfield>
   </marc:datafield>
   <marc:datafield ind1=" " ind2=" " tag="020">
      <marc:subfield code="a">9783743209923</marc:subfield>
      <marc:subfield code="9">9783743209923</marc:subfield>
   </marc:datafield>
   <marc:datafield ind1=" " ind2=" " tag="041">
      <marc:subfield code="a">ger</marc:subfield>
   </marc:datafield>
   <marc:datafield ind1=" " ind2=" " tag="300">
      <marc:subfield code="a">208 S.</marc:subfield>
   </marc:datafield>
</marc:record>
